Normal view
MARC view
- Secon world War
Entry Topical Term
001 - CONTROL NUMBER
- control field: 108226
003 - CONTROL NUMBER IDENTIFIER
- control field: NUST
005 - DATE AND TIME OF LATEST TRANSACTION
- control field: 20230131130228.0
008 - FIXED-LENGTH DATA ELEMENTS
- fixed length control field: 230131|| aca||aabn | a|a d
040 ## - CATALOGING SOURCE
- Original cataloging agency: NUST
- Transcribing agency: NUST
150 ## - HEADING--TOPICAL TERM
- Topical term or geographic name entry element: Secon world War
670 ## - SOURCE DATA FOUND
- Source citation: Work cat.: (NUST)187211: Playfair I.S.O 108225, The Mediterranean and Middle East :, 1954
